|
|
|
|
| LEADER |
01279nam a22002057a 4500 |
| 001 |
45427 |
| 003 |
BD-DhAAL |
| 005 |
20260409110224.0 |
| 008 |
260409t2025 bg a|||| |||| 00| 0 ben d |
| 082 |
|
|
|a 370.95492
|2 23
|
| 245 |
|
|
|a Bangladesh education statistics 2024 /
|c Bangladesh Bureau of Educational Information and Statistics (BANBEIS), Ministry of Education.
|
| 260 |
|
|
|a Dhaka :
|b Bangladesh Bureau of Educational Information and Statistics (BANBEIS),
|c 2025.
|
| 300 |
|
|
|a 482 pages :
|b color illustrations ;
|c 25 cm
|
| 541 |
1 |
|
|a Donated by Dr. Mohammad Fazlur Rahman Khan (Chief, DLP Division, BANBEIS), Ministry of Education.
|e 45427
|
| 546 |
|
|
|a Text in English; questionnaires in Bengali.
|
| 650 |
|
0 |
|a Education
|z Bangladesh
|x Statistics.
|
| 710 |
2 |
|
|a Bangladesh Bureau of Educational Information and Statistics (BANBEIS)
|b Ministry of Education.
|9 60429
|
| 942 |
|
|
|2 ddc
|c BK
|
| 999 |
|
|
|c 47768
|d 47768
|
| 952 |
|
|
|0 0
|1 0
|2 ddc
|4 0
|6 370_954920000000000_BAN
|7 0
|9 78906
|a BRACUL
|b BRACUL
|c NEW
|d 2026-04-09
|e Donated by Dr. Mohammad Fazlur Rahman Khan (Chief, DLP Division, BANBEIS), Ministry of Education.
|l 0
|o 370.95492 BAN
|p 3010045427
|r 2026-04-09
|t 1
|w 2026-04-09
|y BK
|x Donated copy received from Dr. Mohammad Fazlur Rahman Khan(Chief, DLP Division, BANBEIS), Ministry of Education. on 02 March 2026;
|